Ansia da informazione (L') (Record n. 89350)
[ formato base ]
| 000 -LEADER | |
|---|---|
| fixed length control field | 02147nam a2200313Ia 4500 |
| 001 - CONTROL NUMBER | |
| control field | A4183 |
| 003 - CONTROL NUMBER IDENTIFIER | |
| control field | IT-RoPAU |
| 008 - FIXED-LENGTH DATA ELEMENTS--GENERAL INFORMATION | |
| fixed length control field | 130308s9999 xx 000 0 und d |
| 040 ## - CATALOGING SOURCE | |
| Original cataloging agency | IT-RoPAU |
| 040 ## - CATALOGING SOURCE | |
| Transcribing agency | IT-RoPAU |
| 041 ## - LANGUAGE CODE | |
| Language code of text/sound track or separate title | ITALIANO |
| 100 ## - MAIN ENTRY--PERSONAL NAME | |
| Personal name | Wurman Richard Saul |
| 100 ## - MAIN ENTRY--PERSONAL NAME | |
| Miscellaneous information | Codice Aut. SPICS: 35276 |
| 240 ## - UNIFORM TITLE | |
| Uniform title | INFORMATION ANXIETY |
| 240 ## - UNIFORM TITLE | |
| Miscellaneous information | Codice Tit. Orig. Spics: T2375 |
| 245 ## - TITLE STATEMENT | |
| Title | Ansia da informazione (L') |
| 245 ## - TITLE STATEMENT | |
| Remainder of title | Ansia da Informazione (L') |
| 250 ## - EDITION STATEMENT | |
| Edition statement | 1a ed. |
| 260 ## - PUBLICATION, DISTRIBUTION, ETC. (IMPRINT) | |
| Place of publication, distribution, etc. | MILANO |
| 260 ## - PUBLICATION, DISTRIBUTION, ETC. (IMPRINT) | |
| Name of publisher, distributor, etc. | Leonardo |
| 260 ## - PUBLICATION, DISTRIBUTION, ETC. (IMPRINT) | |
| Date of publication, distribution, etc. | 1991 [1° Ed.:1991 - Ed.Ling.Originale:1989] |
| 300 ## - PHYSICAL DESCRIPTION | |
| Extent | "470 p. (prefazione: no ; testo: 470 [pagine: 0-0])" |
| 500 ## - GENERAL NOTE | |
| General note | Esplosione della Non Informazione. Piu' Dati Non Corrispondono a maggiore Informazione. Informazione Cio' che riduce L'Incertezza che è all'origine dell'Ansia. Frustrazione o Ansia da Informazione Quando sappiamo Cosa ci Serve Ma Non sappiamo Come Ottenerlo. Accesso all'informazione Antidoto All'Ansia. business della Comprensione. Conversazione e L'Arte di Ascoltare. Equivocità della Comunicazione. Linguaggio Verbale. Linguaggio dei Segni. Scrittura. imparare significa Ricordare Quello che ci Interessa. Distinzione tra interessi e Obblighi. istruzione e Apprendimento. Vedere Ascoltare Esprimersi. imparare è Fare Collegamenti. Modelli Motivanti. temi e Variazioni.Corretta gestione dei Propri Errori Alimenta Il Successo. siamo Cio' che Leggiamo. Dieta Ipocalorica per una Giusta Informazione. informazioni dei Notiziari. Informazione Culturale. informazioni da Consultare: Mappa o Capacità Umana di Percepire. Tecnomania: Informazione Come Bene di Consumo. Informazione Come Prodotto. potenziale del Profitto. Vulnerabilità dell'Informazione. Prescrizioni contro L'Ansia. Meno, Meno, Meno. troppa Informazione troppo poco Tempo. Capacità Comunicative. Materiali di Consultazione. Abitudini dei Media. Inventario del Coinvolgimento dell'Informazione. Bibliografia. Introduzione di John Naisbitt. |
| 650 ## - SUBJECT ADDED ENTRY--TOPICAL TERM | |
| Topical term or geographic name as entry element | SOCIOLOGIA DELLA COMUNICAZIONE SOCIALE |
| 650 ## - SUBJECT ADDED ENTRY--TOPICAL TERM | |
| Relator term | Codice materia Spics: 3806 |
| 942 ## - ADDED ENTRY ELEMENTS (KOHA) | |
| Koha item type | LIBRO |
| 957 ## - | |
| -- | 1 |
| 999 ## - SYSTEM CONTROL NUMBERS (KOHA) | |
| -- | 1 |
| Withdrawn status | Lost status | Damaged status | Not for loan | Home library | Current library | Date acquired | Total Checkouts | Full call number | Date last seen | Price effective from | Koha item type | Public note |
|---|---|---|---|---|---|---|---|---|---|---|---|---|
| Buone Condizioni | Not For Loan | SPICS-MEDIATECA | SPICS-MEDIATECA | 08/03/2013 | A4183 | 08/03/2013 | 08/03/2013 | LIBRO | Progressivo inserimento: 13640 / N. Volumi: 1 Copie: 1 / data import: 1 marzo 2013 - By Epidotti, Trombetti, Vaglietti. |